01008nam a2200229 a 450000100100000000500170001000800410002702000150006804000250008310000310010824500810013924600190022026000680023930000210030749000350032870000290036383000420039295201110043495201050054595201110065099900170076100004029220201002034034.0130802s2007 mx 000 0 spa d a9703230518 aDO-SdBNPbspacBNPHU1 aEich, Gunterd1907-96657310a50 topos /cGünter Eich ; introducción y traducción Víctor Herrera/.13aCincuenta Eich aMéxico :bUniversidad Nacional Autónoma de México,c2007. a104 p. ;c18 cm.1 aRelato Licenciado Vidrierav411 aHerrera, Víctor966574 0aRelato Licenciado Vidrierav41966234 001050718MOaGRbGRcCTd2013-08-21iLF1l0o p40292-10r2020-06-25te. 3w2020-06-25y1ZNo se presta 001050718MOaGRbGRcCTd2013-08-21iLF1l0o p40292-20r2020-06-25w2020-06-25y1ZNo se presta 001050718MOaGRbGRcCTd2013-08-21iLF1l0o p40292-30r2020-06-25te. 2w2020-06-25y1ZNo se presta c39782d39782